Olympic Winter Medals Per Capita - Statistics

General Stats
  • This quiz has been taken 34 times
  • The average score is 11 of 15
Answer Stats
Per Capita (Medals) Country % Correct
15 115 (368) Norway
88%
58 703 (153) Switzerland
88%
36 434 (232) Austria
85%
66 761 (158) Sweden
85%
32 377 (167) Finland
82%
3 647 (10) Liechtenstein
79%
206 093 (199) Canada
76%
326 923 (259) Germany
76%
255 900 (2) Luxembourg
70%
350 307 (31) Czechia
64%
258 796 (8) Latvia
61%
138 289 (130) Netherlands
61%
124 938 (17) Slovenia
61%
188 286 (7) Estonia
58%
146 463 (110) East Germany
24%
No matching quizzes found
Score Distribution
Percent of People with Each Score
Percentile by Number Answered
Your Score History
You have not taken this quiz